| 000 | 01059nas a2200313 4500 | ||
|---|---|---|---|
| 001 | BR8200997 | ||
| 003 | BR-BrBNA | ||
| 005 | 20231205085043.0 | ||
| 007 | ta | ||
| 008 | 230509b bl.|||p| |||| 00| 00por d | ||
| 040 |
_aBR-BrBNA _bpor _cBiblioteca Nacional de Agricultura |
||
| 041 | _a(Pt) | ||
| 072 | _aL30 | ||
| 100 | 1 | _aTorres, R. de A. | |
| 100 | 1 | _aSimao Neto, M. | |
| 100 | 1 | _aNovaes, L.P. | |
| 100 | 1 | _aSouza, R.M. de | |
| 245 | 1 | _aEfeito da taxa de lotacao e da suplementacao com silagem no crescimento de bovinos leiteiros em pastagem de capim-gordura | |
| 246 | 1 | _aEffect of stocking rate and silage supplementation on the growth of dairy cattle grazing molasses grass pasture | |
| 650 | _aNutricao animal | ||
| 650 | _aGado leiteiro | ||
| 650 | _aSilagem | ||
| 650 | _aCapim gordura | ||
| 650 | _aGanho de peso | ||
| 650 | _aCrescimento | ||
| 773 | 0 |
_tPesquisa Agropecuaria Brasileira (Brazil) _xISSN 0100-204X _g(Mar 1982), v. 17(3) p. 479-488 _wBR8200997 |
|
| 909 |
_a202311 _bLúcia _c55 _dLúcia Elande |
||
| 942 |
_2AGRIS _n0 _cANA |
||
| 999 |
_c108912 _d108912 |
||